|
|
|
|
| LEADER |
01283nam a2200301 a 4500 |
| 001 |
2422952 |
| 008 |
091222s1988 caua b 001 0 eng d |
| 010 |
|
|
|a \\\87027701
|
| 020 |
|
|
|a 0803931557 :
|c $29.95
|
| 020 |
|
|
|a 0803931565 (pbk.) :
|c $14.95
|
| 040 |
|
|
|a DLC
|c DLC
|d DLC
|d BD-DhAAL
|
| 082 |
0 |
0 |
|a 338.4/7004
|2 19
|
| 245 |
0 |
0 |
|a Measuring the information society /
|c edited by Frederick Williams.
|
| 260 |
|
|
|a Newbury Park, Calif. ;
|a New Delhi :
|b Sage Publications,
|c c1988.
|
| 300 |
|
|
|a 286 p. :
|b ill. ;
|c 22 cm.
|
| 490 |
0 |
|
|a Sage focus editions ;
|v 97
|
| 504 |
|
|
|a Includes bibliographical references (p. 281-284) and index.
|
| 541 |
1 |
|
|e 00007241
|
| 650 |
|
0 |
|a Information technology
|x Economic aspects.
|
| 650 |
|
0 |
|a Information technology
|x Social aspects.
|
| 650 |
|
0 |
|a Information society.
|
| 650 |
|
0 |
|a Information technology
|x Economic aspects
|z Texas.
|
| 650 |
|
0 |
|a Information technology
|x Social aspects
|z Texas.
|
| 650 |
|
0 |
|a Information society
|z Texas.
|
| 700 |
1 |
|
|a Williams, Frederick,
|d 1933-
|
| 852 |
4 |
|
|a Ayesha Abed Library
|j General shelf
|
| 999 |
|
|
|c 6352
|d 6352
|
| 952 |
|
|
|0 0
|1 0
|2 ddc
|4 0
|6 338_470040000000000_MRA_1988
|7 0
|9 6407
|a BRACUL
|b BRACUL
|c GEN
|d 2009-12-23
|g 0.00
|l 0
|o 338.47004 MRA
|p 3010007241
|r 2009-12-23
|t 1
|w 2009-12-23
|y BK
|x No price found in the accession register.
|